Devinez le film par son résumer foireux. - Statistiques

Statistiques générales
  • Ce quiz a été pris 462 fois
  • Le résultat moyen est 9 sur 20
Statistiques - réponses
Hint Réponse % Correct
Un adolescent et un vieux décide de s'amuser avec la foudre pour faireavancer une voiture. Retour vers le futur
75%
Une jeune femme un peu folle qui suis un animal dans un trou. Alice au pays des merveilles
71%
On lui demande de faire un choix sois il reste un mec fou d'informatique ou il devient un mec habiller en cuir. Matrix
69%
Un mec cagouler en noir décide de devenir un dictateur dans toute la galaxie. Star wars
68%
Une collaboration entre les schtroumpfs et un colonisateur idiot. Avatar
66%
Un enfant délaisser par ça famille décide de ce rendre une école inexistante aux yeux du mondes. Harry Potter
66%
C'est un vieux aigrie qui se lie d'amitié avec un enfant asiatique et un chien. La-haut
58%
Un mec lambda décide de se battre contre lui-même. Fight club
57%
Un enfant capricieux lance son business après un traumatisme chez ledentiste. Charlie et la Chocolaterie
50%
Ce sont des nuggets qui tentent de faire une révolutions. Chicken Run
50%
Des jeunes décide de quelle classe sociale ils doivent faire partie sans pouvoirla quitter. Divergente
35%
Une meuf avec un maquillage gothique qui rêve de travailler dans la mode. Cruella
34%
Une meuf droguer pensent avoir des capacités hors-normes. Lucy
33%
C'est un retraités qui a déjà un pied dans la tombe et qui a pour hobbietorturer des personnes lambda. Saw
29%
Un homme décide d'exploiter la différence des autres pour se faire de l'argentgrâce à des spectacles. The Greatest Showman
29%
C'est une jeune femme qui rêve d'épouser un sdf et ça se finis mal. Titanic
22%
Deux gays refouler qui aime un peu trop jongler entre les balles et une meuf. Challengers
13%
C'est une jeune homme qui prend de la drogue et pense être le messi de leur planète. Dune
13%
C'est un homme qui exploite un trio d'animaux pour percer sur internet. Les Chipmunks
11%
C'est un jeune homme qui se fait lâcher par sa fiancée et devient donc un vieux mec aigrie immensément riche. Le comte de Monte-Cristo
2%
Aucun quiz correspondant
Distribution des résultats
% des personnes avec chaque résultat
Percentile par nombre de réponses
Votre historique - résultats
Vous n’avez pas pris ce quiz